| 000 | 00651nam a2200193 a 4500 | ||
|---|---|---|---|
| 001 | ASIN1840040068 | ||
| 005 | 20170105102925.0 | ||
| 008 | 131211s2001 xxu eng d | ||
| 020 | _a1840040068 (hardcover) | ||
| 020 | _a9781840040067 (hardcover) | ||
| 040 |
_a0 _ePIN 1999 |
||
| 082 | _a909 | ||
| 100 | 1 | _aPINKOWISH;..., PETER D'EPIRO; MARY DESMOND. | |
| 245 | 1 | 0 |
_aWhat are the seven wonders of the world / _cPETER D'EPIRO; MARY DESMOND PINKOWISH;... |
| 260 |
_a[S.l.] : _bMETRO, _c2001. |
||
| 300 |
_a1 v. (unpaged) ; _c22 cm. |
||
| 856 | 4 | 0 |
_3Amazon.com _uhttp://www.amazon.com/exec/obidos/ASIN/1840040068/chopaconline-20 |
| 942 |
_2ddc _cBK |
||
| 999 |
_c15763 _d15763 |
||